000 00986nam a22003257a 4500
001 0041109
003 KOHA_MİRAKIL
005 20260207003224.0
007 ta
008 130730b2003 tu |||gr||||#||||1|tur |
020 _a975732194X
_q 9789757321941
040 _aTR-BiSEU
_btur
_cTR-BiSEU
_erda
041 0 _atur
044 _ctu
050 _aPL220.T87
_bC86 2003
100 1 _aTural, Secaattin..
245 1 _aCumhuriyet dönemi Türk şiirinde din duygusu /
_cSecaattin. Tural ; Secaattin Tural..
246 _a(1923-1970)
264 1 _aİstanbul :
_bKitabevi
_c2003
300 _a703 sayfa ;
_c20 cm
336 _ametin
_btxt
_2rdacontent
337 _aaracısız
_bn
_2rdamedia
338 _acilt
_bnc
_2rdacarrier
490 1 _aKitabevi ;
_v196
500 _aKaynakça ve dizin var.
650 0 _aTurkish poetry--20th century--History and criticism.
_912947
650 0 _aReligion and poetry.
_976268
830 1 _aKitabevi ;
_v196
_98052
942 _2lcc
_cBK
999 _c40969
_d40969